000 00961cam a22002894a 4500
001 16376730
003 OSt
005 20140310183109.0
008 100805s2010 maua 001 0beng
010 _a 2010032912
020 _a9780306819490
040 _aDLC
_cDLC
_dDLC
043 _aa-pp---
050 0 0 _aGV 1132.P25
_b.P822 2010
082 0 0 _aFIL 796.830
_b.P822 2010
100 1 _aPoole, Gary Andrew.
245 1 0 _aPacMan :
_bbehind the scenes with Manny Pacquiao, the greatest pound-for-pound fighter in the world
_cGary Andrew Poole.
250 _a1st Da Capo Press ed.
260 _aCambridge, Mass :
_bDa Capo Press,
_c2010.
300 _axvii, 251 p., [8] p. of plates :
_bill. ;
_c24 cm.
600 1 0 _aPacquiao, Manny,
_d1978-
650 0 _aBoxers (Sports)
_zPhilippines
_vBiography.
906 _a7
_bcbc
_corignew
_d1
_eecip
_f20
_gy-gencatlg
942 _2lcc
_cBK
_kLOC
999 _c18828
_d18828